01374nam a2200265 a 450000100100000000500170001000800410002704000250006808200150009310000490010824501010015726000340025830000200029249000200031250000630033250400390039583000320043404900090046695201280047595201280060395201280073195201130085995201190097299900170109100001703220250123122253.0100316s1976 dr 000 0 spa d aDO-SdBNPbspacBNPHU axxxbF438e1 aFiallo Billini, José Antinoed1944-91015910aEstrategia alternativa para la reforma de educación primaria /cJosé Antinoe Fiallo Billini. aSanto Domingo :bUASD,c1976. a23 p. ;c22 cm.1 aConferenciav34 aIncluye datos biográficos del autor en la contracubierta aIncluye bibliografías [p. 21-23] 0aConferencian34v205937588 aBNPD 001054708DSaGRbGRcCTd2010-03-16iLF1l0oxxx F438ep17032-30r2020-06-25te. 3w2020-06-25yLFDSZPréstamo en sala 001054708DSaGRbGRcCTd2010-03-16iLF1l0oxxx F438ep17032-40r2020-06-25te. 4w2020-06-25yLFDSZPréstamo en sala 001154708DSaGRbGRcMId2011-04-13iLF1l0oxxx F438ep17032-50r2020-06-25te. 5w2020-06-25yLFDSZPréstamo en sala 0010718PDaPDbPDcHDd2010-03-16iLF1l0oxxx F438ep17032-10r2020-06-25w2020-06-25yLFPDZNo se presta 0010718PDaPDbPDcCTd2010-03-16iLF1l0oxxx F438ep17032-20r2020-06-25te. 2w2020-06-25yLFPDZNo se presta c16558d16558